| 000 | 00622nam a2200217Ia 4500 | ||
|---|---|---|---|
| 003 | GCL | ||
| 008 | 140319s9999 xx 000 0 ara d | ||
| 040 |
_aGCL / _cGCL |
||
| 082 | 0 | 4 |
_a811.5 _bع خ |
| 100 | 1 | _aعبدالمجيد دياب | |
| 245 | 1 | 0 |
_aخلاصة المتنبى / _cعبدالمجيد دياب |
| 260 |
_a[S.N] : _bدار سعاد الصباح ، _c1992 |
||
| 300 | _a433 ص | ||
| 490 | _a | ||
| 650 | 0 | 4 | _aالشعر العربى |
| 650 | 0 | 4 | _aدواوين وقصائد |
| 650 | 0 | 4 | _aالتراجم |
| 650 | 0 | 4 | _aالشعراء |
| 650 | 0 | 4 | _aالمتنبى, ابو الطيب |
| 942 |
_2ddc _cBK |
||
| 999 |
_c55939 _d55939 |
||